01445nam a2200241Ia 4500001001100000003001000011008004100021040002500062041001300087100002800100245011300128250001100241260004900252300001200301500026000313501011400573520026000687650003800947942000700985957000600992999004300998952016201041L932-43021IT-CnALBA170116s9999||||xx |||||||||||||| ||und|| aIT-CnALBAcIT-CnALBA aITALIANO aSISMONDI J.C.L. SIMONDO 0aSISMONDI. STORIA DELLE REPUBBLICHE ITALIANE NEI SECOLI DI MEZZO. TOMO IV. 1282-1317. CAPITOLI XXIII-XXVIII.  a1a ed. aFOGGIAbITALIA EDITRICEc1817 [1° Ed.:1817] a474 p.  aGUERRA DI SICILIA. PISA. TURBOLENZE A FIRENZE. BONIFACIO VIII. BIANCHI E NERI. GUELFI E GHIBELLINI. TREDICESIMO SECOLO. GIUBILEO PRIMO. LOMBARDIA E CHIESA. AVIGNONE. PISTOIA. SOPPRESSIONE DEI TEMPLARI. FIRENZE. ENRICO VII DI LUSSEMBURGO IN ITALIA. ARISTOC aSocietà San Paolo EM - Piazza San Paolo, 14 - 12051 ALBA (CN) (non commercial uses only) ® Copyright 2017 aGUERRA DI SICILIA. PISA. TURBOLENZE A FIRENZE. BONIFACIO VIII. BIANCHI E NERI. GUELFI E GHIBELLINI. TREDICESIMO SECOLO. GIUBILEO PRIMO. LOMBARDIA E CHIESA. AVIGNONE. PISTOIA. SOPPRESSIONE DEI TEMPLARI. FIRENZE. ENRICO VII DI LUSSEMBURGO IN ITALIA. ARISTOC aSTORIA GENERALE DI STATI ITALIANI cBK 71 a48414bSI g Copie: 1 c301988d301988 0010406L_9324302171aALBAbALBAd2017-01-16l0oL932-43021r2017-01-16 00:00:00w2017-01-16yBKz(data import: 16 gennaio 2017) - By Epidotti, Vaglietti.